| 000 | 01915ngm a22003131a 4500 | ||
|---|---|---|---|
| 003 | SA-RiAUC | ||
| 005 | 20260330125618.0 | ||
| 006 | g--- g b zu | ||
| 007 | he uuuuuuuuuu | ||
| 008 | 241022n11uu |||--- g0 b zuara c | ||
| 040 |
_aSA-JeALM _bara _cSA-RiAUC _erda |
||
| 082 | 0 | 4 | _a258.1 |
| 090 |
_a258.1 _bم ر غ |
||
| 100 | 1 |
_aالمرغيناني، علي بن أبي بكر بن عبد الجليل، _d530-593 هجري. |
|
| 245 | 1 | 2 |
_aالهداية _bشرح بداية المبتدي / _cبرهان الدين علي بن أبي بكر بن عبد الجليل المرغيناني. |
| 246 | 3 | 0 | _aشرح بداية المبتدي |
| 260 |
_a[د. م.] : _bعلي بن أبي بكر بن عبد الجليل المرغيناني، _c[11-- |
||
| 264 |
_aالقاهرة: _bمكتبة ومطبعة مصطفى البابى الحلبي وأولاده. _c1980 |
||
| 300 |
_aمجلد، _b27 سم |
||
| 500 | _aأوله : بسم الله الرحمن الرحيم وبه نستعين الحمد لله الذي أعلى معالم العلم وأعلامه وأظهر شعائر الشرع وأحكامه وبعث رسلا وأنبياء صلوات الله عليهم أجمعين. | ||
| 500 | _aآخره : دفعا للحرج كقليل النجاسة وقليل الانكشافة بخلافها إذا كانا نصفين أو كانت الميتة أغلب لأنه لا ضرورة والله أعلم بالصواب وإليه المرجع والمآب. | ||
| 500 | _aشرح بداية المبتدي بالهداية على فقه الأئمة الأحناف. | ||
| 534 | _pالأصل مخطوطة. | ||
| 562 | _aنسخة مصورة. | ||
| 650 | 7 |
_aالفقه الحنفي _vمخطوطات _2aucsh |
|
| 740 | 0 | 2 | _aبداية المبتدي في فقه الإمام أبي حنيفة. |
| 942 |
_2ddc _cBOOK _n0 |
||
| 949 |
_aSA-JeALM _d241022 _umohamedma123 _n1 |
||
| 999 |
_c2214 _d2214 |
||